Solid state physics (Record no. 753976)

MARC details
000 -LEADER
fixed length control field 00431nam a2200169 4500
020 ## - INTERNATIONAL STANDARD BOOK NUMBER
ISBN 9789395161015
082 ## - DEWEY DECIMAL CLASSIFICATION NUMBER
Classification number 530.41
Item number PIL.S
084 ## - OTHER CLASSIFICATION NUMBER
Source of Number Colon Classification
100 ## - MAIN ENTRY--AUTHOR NAME
Personal name Pillai,S O
245 ## - TITLE STATEMENT
Title Solid state physics
250 ## - EDITION STATEMENT
Edition statement 10th ed.
260 ## - PUBLICATION, DISTRIBUTION, ETC. (IMPRINT)
Place of publication NewDelhi:
Name of publisher New Age International,
Year of publication 2023.
300 ## - PHYSICAL DESCRIPTION
Number of Pages 921p.
650 ## - SUBJECT ADDED ENTRY--TOPICAL TERM
Topical Term Physics
Form subdivision Atomic structure
942 ## - ADDED ENTRY ELEMENTS (KOHA)
Source of classification or shelving scheme Dewey Decimal Classification
Koha item type Gift
Holdings
Withdrawn status Lost status Source of classification or shelving scheme Damaged status Not for loan Home Library Current Location Shelving location Date acquired Full call number Accession Number Price effective from Koha item type
    Dewey Decimal Classification     Campus Library Kariavattom Campus Library Kariavattom General Stacks 01/12/2025 530.41 PIL.S UCLG1061 01/12/2025 Gift